| 000 | 01772nam a22003375a 4500 | ||
|---|---|---|---|
| 003 | OSt | ||
| 005 | 20180104120024.0 | ||
| 008 | 161017s2013 ua frd 000 0 mul d | ||
| 020 | _a9789779006468 | ||
| 020 | _a9779006468 | ||
| 040 |
_aEG-ScBUE _beng _cEG-ScBUE |
||
| 041 | 0 |
_aara _aeng _afre |
|
| 082 | 0 | 4 |
_a332.03 _bأ س ي _222 |
| 100 | 1 | _aأسيوطي، مجدي نافد. | |
| 245 | 1 | 0 |
_aمعجم المال والأعمال : _bعربي - إنجليزي - فرنسي = Finance and business dictionary : Arabic - English - French ؛ يلحقه مدخل إلى النحو / _cإعداد مجدي نافد الأسيوطي ؛ بالاشتراك مع آمال مجدي نافد الأسيوطي، سلوى مجدي نافد الأسيوطي، عادل مجدي نافد الأسيوطي. |
| 246 | 3 | 1 | _aFinance and business dictionary : Arabic - English - French : newest banking, financial, commercial and economic terms annexed with Arabic grammar |
| 250 | _aط. 1. | ||
| 260 |
_aالقاهرة : _bالأسيوطي : _bمؤسسة الأهرام، _c2013. |
||
| 300 |
_a1040، 142 ص. ؛ _c24 سم. |
||
| 546 | _aالنص باللغة العربية والإنجليزية والفرنسية. | ||
| 650 | 7 |
_aالمالية _vمعجم مصطلحات. _2BUEsh |
|
| 650 | 7 |
_aإدارة الأعمال _vمعجم مصطلحات. _2BUEsh |
|
| 650 | 7 |
_aالبنوك _vمعجم مصطلحات. _2BUEsh |
|
| 651 | _2BUEsh | ||
| 653 |
_bEEENG _bHHUUEENN _bBUSECO _bBUSADM _cOctober2016 _cJanuary2018 |
||
| 700 | 1 |
_aأسيوطي، آمال مجدي نافد، _eمشارك. |
|
| 700 | 1 |
_aأسيوطي، سلوى مجدي نافد، _eمشارك. |
|
| 700 | 1 |
_aأسيوطي، عادل مجدي نافد، _eمشارك. |
|
| 740 | 0 | 2 | _aمدخل إلى النحو |
| 942 | _2ddc | ||
| 999 |
_c22629 _d22601 |
||